000 00474nam a2200181Ia 4500
999 _c1535
_d1535
003 OSt
005 20200930125306.0
008 190216s9999||||xx |||||||||||||| ||und||
020 _a8187167092
040 _coclc
082 _a631.521
_bKUM/S
100 _aKumar, U
_95211
245 0 _aSynthetic Seeds /
_cU Kumar
260 _bAgrobios,
_c2000.
_aJodhpur:
300 _a160p
650 _aBotany
942 _cBK
_2ddc
_h631.521
_iKUM/S
_k631.521
_mKUM/S